Psychologie smysluplnosti existence otázky na vrcholu života
Na minha lista:
| Autor principal: | |
|---|---|
| Formato: | Livro |
| Idioma: | tcheco |
| Publicado em: |
Praha
Grada Publishing
2006
|
| Colecção: | Psyché
|
| Assuntos: | |
| Tags: |
Sem tags, seja o primeiro a adicionar uma tag!
|
MARC
| LEADER | 00000nam$a2200000$$$4500 | ||
|---|---|---|---|
| 001 | 0053582 | ||
| 005 | 20240313090333.4 | ||
| 020 | |a 80-247-1370-5 | ||
| 041 | 0 | |a cze | |
| 044 | |a CZ | ||
| 245 | 1 | 0 | |a Psychologie smysluplnosti existence |b otázky na vrcholu života |c Jaro Křivohlavý |
| 264 | 1 | |a Praha |b Grada Publishing |c 2006 | |
| 300 | |a 204 s. | ||
| 490 | 1 | |a Psyché | |
| 830 | 0 | |a Psyché | |
| 610 | 2 | 0 | |a psychológia |
| 610 | 2 | 0 | |a štýl životný |
| 610 | 2 | 0 | |a rozhodovanie |
| 610 | 2 | 0 | |a morálka |
| 610 | 2 | 0 | |a filozofia |
| 610 | 2 | 0 | |a správanie |
| 610 | 2 | 0 | |a zodpovednosť osobná |
| 610 | 2 | 0 | |a svetonázor |
| 610 | 2 | 0 | |a kresťanstvo |
| 610 | 2 | 0 | |a identita |
| 610 | 2 | 0 | |a smery filozofické |
| 610 | 2 | 0 | |a sebapoznanie |
| 610 | 2 | 0 | |a sebakontrola |
| 610 | 2 | 0 | |a hygiena duševná |
| 100 | 1 | |a Křivohlavý, Jaro | |